书目信息 |
| 题名: |
信息时代的审计质量控制指南
|
|
| 作者: | 王静 著 | |
| 分册: | ||
| 出版信息: | 北京 中国商务出版社 2019 |
|
| 页数: | 213页 | |
| 开本: | 26cm | |
| 丛书名: | ||
| 单 册: | ||
| 中图分类: | F239.1-62 | |
| 科图分类: | ||
| 主题词: | 审计--shen ji--质量控制--指南 | |
| 电子资源: | ||
| ISBN: | 978-7-5103-2898-5 | |
| 000 | 00908nam0 2200229 450 | |
| 001 | 2158017831 | |
| 005 | 20211011172911.0 | |
| 010 | @a978-7-5103-2898-5@dCNY48.00 | |
| 100 | @a20200408d2019 em y0chiy50 ea | |
| 101 | 0 | @achi |
| 102 | @aCN@b110000 | |
| 105 | @ak z 000yy | |
| 106 | @ar | |
| 200 | 1 | @a信息时代的审计质量控制指南@Axin xi shi dai de shen ji zhi liang kong zhi zhi nan@f王静著 |
| 210 | @a北京@c中国商务出版社@d2019 | |
| 215 | @a213页@c表格@d26cm | |
| 330 | @a本书系统的介绍了信息时代审计质量控制的基本知识,分析了信息时代审计证据、审计依据、审计假设、审计风险和审计责任等基本审计质量控制依据,同时对审计过程、管理、方案、作业质量控制问题进行了探讨和研究,提出了较为科学的审计质量控制模式、方法策略以及体系。 | |
| 606 | 0 | @a审计@Ashen ji@x质量控制@j指南 |
| 690 | @aF239.1-62@v5 | |
| 701 | 0 | @a王静@Awang jing@4著 |
| 801 | 0 | @aCN@b百万庄@c20211007 |
| 905 | @b1306613-16@dF239.1-62@e753@f4 | |
| 信息时代的审计质量控制指南/王静著.-北京:中国商务出版社,2019 |
| 213页:表格;26cm |
| ISBN 978-7-5103-2898-5:CNY48.00 |
| 本书系统的介绍了信息时代审计质量控制的基本知识,分析了信息时代审计证据、审计依据、审计假设、审计风险和审计责任等基本审计质量控制依据,同时对审计过程、管理、方案、作业质量控制问题进行了探讨和研究,提出了较为科学的审计质量控制模式、方法策略以及体系。 |
| ● |
| 相关链接 |
|
|
|
|
正题名:信息时代的审计质量控制指南
索取号:F239.1-62/753
 
预约/预借
| 序号 | 登录号 | 条形码 | 馆藏地/架位号 | 状态 | 备注 |
| 1 | 1306613 | 213066135 | 第一样本阅览室/ [索取号:F239.1-62/753] | 在馆 | |
| 2 | 1306614 | 213066144 | 第一借阅区/ [索取号:F239.1-62/753] | 在馆 | |
| 3 | 1306615 | 213066153 | 第一借阅区/ [索取号:F239.1-62/753] | 在馆 | |
| 4 | 1306616 | 213066162 | 第一借阅区/ [索取号:F239.1-62/753] | 在馆 |